[Event "Qatar Masters op"]
[Site "Doha"]
[Date "2023.10.13"]
[Round "3"]
[White "Njili, Kamel"]
[Black "Oparin, Grigoriy"]
[Result "1/2-1/2"]
[WhiteElo "2423"]
[BlackElo "2681"]
[PlyCount "53"]
[EventDate "2023.10.11"]
[EventType "swiss"]
[EventRounds "9"]
[EventCountry "QAT"]
[SourceTitle "Mega2024 Update 01"]
[Source "Chessbase"]
[SourceDate "2023.11.12"]
[SourceVersion "1"]
[SourceVersionDate "2023.11.12"]
[SourceQuality "1"]

1. d4 Nf6 2. c4 e6 3. Nc3 Bb4 4. Qc2 d5 5. a3 Bxc3+ 6. Qxc3 c5 7. dxc5 d4 8. Qc2 e5 9. e3 Nc6 10. Nf3 0-0 11. Be2 Re8 12. exd4 e4 13. Ng1 Nxd4 14. Qc3 Bg4 15. Be3 Nxe2 16. Nxe2 Bxe2 17. Kxe2 Ng4 18. Rad1 Qh4 19. h3 Nxe3 20. Qxe3 Qh5+ 21. g4 Qe5 22. b4 a5 23. Rd5 Qb2+ 24. Rd2 Qe5 25. Rd5 Qb2+ 26. Rd2 Qe5 27. Rd5 1/2-1/2

[Event "Riadh Rapid op"]
[Site "Riadh"]
[Date "2023.03.17"]
[Round "2"]
[White "Njili, Kamel"]
[Black "Bukannan, Ahmed A"]
[Result "1-0"]
[WhiteElo "2412"]
[BlackElo "1899"]
[PlyCount "92"]
[EventDate "2023.03.17"]
[EventType "swiss (rapid)"]
[EventRounds "9"]
[EventCountry "SAU"]
[SourceTitle "CBM 213 Extra"]
[Source "ChessBase"]
[SourceDate "2023.05.31"]
[SourceVersion "1"]
[SourceVersionDate "2023.05.31"]
[SourceQuality "1"]

1. d4 d5 2. Nf3 Nf6 3. c4 dxc4 4. Qa4+ Bd7 5. Qxc4 Bc6 6. Nc3 e6 7. Bg5 Be7 8. e3 Nbd7 9. Be2 Nb6 10. Qb3 Ne4 11. Bxe7 Qxe7 12. 0-0 Nxc3 13. bxc3 0-0 14. Ne5 Be4 15. f3 Bg6 16. a4 c5 17. a5 Nd5 18. c4 Nf6 19. Qa3 Rac8 20. Rfd1 Rc7 21. dxc5 Rxc5 22. Nd3 Bxd3 23. Rxd3 Qc7 24. Rb3 Rb8 25. Qb4 Nd7 26. f4 Nf6 27. a6 b6 28. Rd1 h6 29. h3 Rd8 30. Rbd3 Rxd3 31. Rxd3 Rxc4 32. Rd8+ Qxd8 33. Qxc4 Nd5 34. Qd3 Qc8 35. Bf3 Qc1+ 36. Kf2 Nb4 37. Qb5 Qc5 38. Qe8+ Kh7 39. Qxf7 Qc2+ 40. Kg3 Qg6+ 41. Qxg6+ Kxg6 42. Bb7 Kf6 43. Kf3 e5 44. Ke4 exf4 45. exf4 Ke6 46. g4 g6 1-0

[Event "Sharjah op rapid"]
[Site "Sharjah"]
[Date "2016.06.12"]
[Round "5"]
[White "Ashraf, Ahmed Ramadan"]
[Black "Njili, Kamel"]
[Result "0-1"]
[WhiteElo "1943"]
[BlackElo "2413"]
[PlyCount "140"]
[EventDate "2016.06.12"]
[EventType "swiss (rapid)"]
[EventRounds "9"]
[EventCountry "UAE"]
[SourceTitle "CBM 173 Extra"]
[Source "ChessBase"]
[SourceDate "2016.08.29"]
[SourceVersion "1"]
[SourceVersionDate "2016.08.29"]
[SourceQuality "1"]

1. e4 c5 2. c3 Nf6 3. d3 Nc6 4. Nf3 g6 5. h3 Bg7 6. Be3 b6 7. Be2 e5 8. Nbd2 d5 9. Qa4 Bd7 10. exd5 Nxd5 11. Qc2 0-0 12. 0-0 h6 13. Rae1 Rc8 14. Ne4 Be6 15. Bd2 f5 16. Ng3 Nf4 17. Bc1 Qd5 18. b3 Rcd8 19. Rd1 Bc8 20. Rfe1 Ba6 21. Bxf4 exf4 22. Nf1 Rfe8 23. d4 Bxe2 24. Rxe2 Rxe2 25. Qxe2 cxd4 26. cxd4 Kh7 27. N1h2 Qe4 28. Qc4 Qd5 29. Qxd5 Rxd5 30. Nf1 g5 31. g3 g4 32. Nh4 Bf6 33. Ng2 Nxd4 34. Kh1 fxg3 35. Nxg3 Ra5 36. a4 Rc5 37. Nf4 Rc2 38. Ngh5 Be5 39. Kg2 Kg8 40. Ng6 Nf3 41. Rd8+ Kf7 42. Nxe5+ Nxe5 43. Rh8 Nd3 44. hxg4 Rxf2+ 45. Kg3 f4+ 46. Kh3 Rb2 47. Rxh6 Rxb3 48. Rf6+ Ke7 49. Kh4 Ne5 50. g5 f3 51. g6 Rb4+ 52. Kg3 Rg4+ 53. Kf2 Rg5 54. g7 Ng4+ 55. Kxf3 Nxf6 56. Kf4 Rg1 57. Ng3 a6 58. Nf5+ Kf7 59. Nd6+ Kxg7 60. Nc8 b5 61. axb5 axb5 62. Nd6 b4 63. Nf5+ Kg6 64. Nd4 Rg4+ 65. Ke3 Rg3+ 66. Kd2 b3 67. Kc1 Rd3 68. Ne2 Nd5 69. Ng1 Re3 70. Kb2 Nb6 0-1

[Event "Sharjah op rapid"]
[Site "Sharjah"]
[Date "2014.07.08"]
[Round "8"]
[White "Njili, Kamel"]
[Black "Bajarani, Ilgar"]
[Result "1-0"]
[WhiteElo "2413"]
[BlackElo "2273"]
[PlyCount "88"]
[EventDate "2014.07.05"]
[EventType "swiss (rapid)"]
[EventRounds "9"]
[EventCountry "UAE"]
[SourceTitle "CBM 161 Extra"]
[Source "ChessBase"]
[SourceDate "2014.08.29"]
[SourceVersion "1"]
[SourceVersionDate "2014.08.29"]
[SourceQuality "1"]

1. d4 d5 2. Nf3 Nf6 3. e3 g6 4. c4 Bg7 5. cxd5 Nxd5 6. Nc3 0-0 7. Bc4 Nb6 8. Bb3 Nc6 9. h3 e5 10. d5 Na5 11. Bc2 c6 12. dxc6 bxc6 13. Qe2 Be6 14. Bd3 f5 15. e4 f4 16. b3 Qe7 17. Bb2 c5 18. Ba3 Nc6 19. Rc1 Nb4 20. Bc4 Rfd8 21. 0-0 Nxc4 22. bxc4 Kh8 23. Nd5 Qb7 24. Rb1 a5 25. Bb2 Qa6 26. Bxe5 Bxe5 27. Nxe5 Bxd5 28. exd5 Rxd5 29. a3 Nc2 30. Nf7+ Kg7 31. Nd6 Rxd6 32. Qe7+ Kh6 33. Rb7 Qxb7 34. Qxb7 Rf8 35. Qe4 Nd4 36. Qe7 Rff6 37. Rb1 f3 38. Qe3+ g5 39. h4 Rg6 40. Rb7 fxg2 41. hxg5+ Rxg5 42. Qh3+ Kg6 43. Qxh7+ Kf6 44. Qf7+ Ke5 1-0

[Event "Sharjah op rapid"]
[Site "Sharjah"]
[Date "2014.07.07"]
[Round "5"]
[White "Abdulla, Abdulwahab"]
[Black "Njili, Kamel"]
[Result "0-1"]
[WhiteElo "1872"]
[BlackElo "2413"]
[PlyCount "102"]
[EventDate "2014.07.05"]
[EventType "swiss (rapid)"]
[EventRounds "9"]
[EventCountry "UAE"]
[SourceTitle "CBM 161 Extra"]
[Source "ChessBase"]
[SourceDate "2014.08.29"]
[SourceVersion "1"]
[SourceVersionDate "2014.08.29"]
[SourceQuality "1"]

1. e4 c5 2. Nc3 Nc6 3. g3 g6 4. Bg2 Bg7 5. Nge2 Rb8 6. a4 d6 7. 0-0 e6 8. d3 Nge7 9. Be3 Nd4 10. Qd2 0-0 11. Bxd4 cxd4 12. Nb5 Qb6 13. Qb4 Rd8 14. a5 Qc5 15. Qxc5 dxc5 16. f4 e5 17. Nc7 Bg4 18. Rf2 Bh6 19. Bf3 Bxf3 20. Rxf3 Rbc8 21. Nb5 Nc6 22. a6 Rb8 23. Nc7 exf4 24. gxf4 Nb4 25. Rh3 Bg7 26. c3 dxc3 27. bxc3 Rd7 28. Rd1 Rxc7 29. cxb4 cxb4 30. d4 bxa6 31. Rb3 a5 32. Ra1 Rb5 33. e5 Rd5 34. Kf2 Bf8 35. Ke3 f6 36. Ke4 Rb5 37. Ra4 fxe5 38. fxe5 Bh6 39. Nf4 Rc1 40. Nd3 Rc2 41. Rb2 Rc4 42. Rb3 Kf7 43. Nb2 Rc2 44. Rf3+ Ke7 45. Nd1 b3 46. Rf1 Rc1 47. Rf2 Rxd1 48. Rb2 Ke6 49. Rc4 Re1+ 50. Kf3 Re3+ 51. Kf2 Kd5 0-1

[Event "Algiers Ameyar Memorial-A 11th"]
[Site "Algiers"]
[Date "2012.11.18"]
[Round "5"]
[White "Njili, Kamel"]
[Black "Malakhatko, Vadim"]
[Result "0-1"]
[WhiteElo "2374"]
[BlackElo "2550"]
[PlyCount "178"]
[EventDate "2012.11.16"]
[EventType "swiss"]
[EventRounds "9"]
[EventCountry "ALG"]
[SourceTitle "CBM 151 Extra"]
[Source "ChessBase"]
[SourceDate "2012.12.18"]
[SourceVersion "1"]
[SourceVersionDate "2012.12.18"]
[SourceQuality "1"]

1. e4 e6 2. d4 d5 3. Nd2 c5 4. exd5 Qxd5 5. Ngf3 cxd4 6. Bc4 Qd8 7. 0-0 Nc6 8. Nb3 a6 9. Nbxd4 Nxd4 10. Nxd4 Bd6 11. Qe2 Bxh2+ 12. Kxh2 Qxd4 13. Rd1 Qh4+ 14. Kg1 Nf6 15. Rd3 Qh5 16. Qd2 Bd7 17. Qb4 Bc6 18. f3 Nd7 19. Be3 Ne5 20. Rd2 Nxc4 21. Qxc4 0-0 22. Rd4 Rac8 23. Qe2 e5 24. Rd2 Rfd8 25. Rad1 Rxd2 26. Rxd2 h6 27. c4 Qf5 28. Qd1 h5 29. Rd8+ Rxd8 30. Qxd8+ Kh7 31. Qg5 Qxg5 32. Bxg5 f6 33. Bd2 h4 34. Kf2 g5 35. Ba5 Kg6 36. Bd8 Bd7 37. Ke3 Bf5 38. b4 Bd7 39. a3 Bc6 40. Kf2 Be8 41. Ke3 Bd7 42. Kf2 Be6 43. c5 Bd7 44. Ke3 Bb5 45. Kf2 Bc6 46. Bc7 Kf5 47. Bd8 Kg6 48. Bc7 Bd7 49. Bd8 g4 50. fxg4 Bxg4 51. Ke3 Bd7 52. Kf3 Bc6+ 53. Kf2 Kf5 54. Kg1 Bd7 55. Kh2 Kg6 56. Be7 Kg5 57. Bd8 Bc6 58. Kg1 Kf5 59. Kf2 Ke6 60. Kg1 Be4 61. Kh2 Kf5 62. Be7 Bc2 63. Kg1 Bd1 64. Bd8 Bg4 65. Kh2 Bd1 66. Kh3 Kg5 67. Be7 Bg4+ 68. Kh2 Bd1 69. Bd8 Kg6 70. Be7 Kf7 71. Bd8 Bg4 72. Bc7 Ke7 73. Bd6+ Kd7 74. Bb8 Ke6 75. Bc7 f5 76. Bd8 h3 77. gxh3 Bd1 78. Kg3 f4+ 79. Kf2 e4 80. Bg5 Kf5 81. h4 e3+ 82. Ke1 Bh5 83. a4 Be8 84. a5 Ke4 85. h5 f3 86. Bh4 f2+ 87. Bxf2 exf2+ 88. Kxf2 Kd3 89. h6 Bg6 0-1

[Event "Monastir GM"]
[Site "Monastir"]
[Date "2012.09.24"]
[Round "2"]
[White "Drasko, Milan"]
[Black "Njili, Kamel"]
[Result "1-0"]
[WhiteElo "2480"]
[BlackElo "2357"]
[PlyCount "117"]
[EventDate "2012.09.14"]
[EventType "schev"]
[EventRounds "10"]
[EventCountry "TUN"]
[EventCategory "6"]
[SourceTitle "CBM 150 Extra"]
[Source "ChessBase"]
[SourceDate "2012.10.19"]
[SourceVersion "1"]
[SourceVersionDate "2012.10.19"]
[SourceQuality "1"]
[WhiteTeam "Team B"]
[BlackTeam "Team A"]
[WhiteTeamCountry "TUN"]
[BlackTeamCountry "TUN"]

1. Nf3 c5 2. c4 Nc6 3. g3 e5 4. Nc3 g6 5. Bg2 Bg7 6. 0-0 Nge7 7. a3 a5 8. d3 0-0 9. Ne1 d6 10. Nc2 Be6 11. Ne3 Rb8 12. Ned5 f6 13. Rb1 Bf7 14. b4 axb4 15. axb4 Nxb4 16. Nxb4 cxb4 17. Rxb4 d5 18. Nxd5 Nxd5 19. Bxd5 Bxd5 20. cxd5 Qxd5 21. Rb6 h5 22. Be3 Rbc8 23. Qa4 Rc7 24. Rfb1 Rff7 25. f3 Kh7 26. R1b5 Qd7 27. Qe4 Bh6 28. Bxh6 Kxh6 29. Rxe5 Rc1+ 30. Kg2 Qc7 31. Ree6 Kg7 32. Qd4 Qc5 33. Qxc5 Rxc5 34. h4 g5 35. Kf2 Kg6 36. hxg5 Kxg5 37. Rb2 h4 38. gxh4+ Kxh4 39. Reb6 Rcc7 40. R2b5 f5 41. Rg6 Kh5 42. Rg2 Rc1 43. f4 Ra1 44. Rg5+ Kh4 45. Rbxf5 Rxf5 46. Rxf5 Rb1 47. Rf8 Kg4 48. Ke3 b5 49. Ke4 b4 50. Rg8+ Kh5 51. Kf5 Kh4 52. e4 b3 53. Rb8 Kg3 54. e5 Rf1 55. Rxb3 Rxf4+ 56. Kg6 Rg4+ 57. Kf6 Rf4+ 58. Ke7 Rd4 59. e6 1-0

[Event "Olympiad-40"]
[Site "Istanbul"]
[Date "2012.09.09"]
[Round "11.1"]
[White "Njili, Kamel"]
[Black "Meshkov, Yuri A"]
[Result "0-1"]
[WhiteElo "2357"]
[BlackElo "2390"]
[PlyCount "72"]
[EventDate "2012.08.28"]
[EventType "team-swiss"]
[EventRounds "11"]
[EventCountry "TUR"]
[SourceTitle "CBM 151"]
[Source "ChessBase"]
[SourceDate "2012.11.13"]
[SourceVersion "1"]
[SourceVersionDate "2012.11.13"]
[SourceQuality "1"]
[WhiteTeam "Tunisia"]
[BlackTeam "IBCA"]
[WhiteTeamCountry "TUN"]

1. e4 c5 2. Nf3 g6 3. d4 Bg7 4. c4 d6 5. dxc5 Qa5+ 6. Nc3 dxc5 7. Bd2 Nc6 8. Nb5 Qd8 9. Bf4 e5 10. Qxd8+ Kxd8 11. 0-0-0+ Ke7 12. Be3 b6 13. Nc7 Rb8 14. Nd2 Nd4 15. f4 Bg4 16. Re1 Kd7 17. Nd5 Re8 18. Bd3 exf4 19. Bxf4 Be5 20. Bxe5 Rxe5 21. Rhf1 Be6 22. Nf3 Nxf3 23. gxf3 g5 24. h4 h6 25. Rh1 Ne7 26. hxg5 Rxg5 27. f4 Rg3 28. Bc2 Bxd5 29. cxd5 Ng6 30. Rhf1 Kd6 31. Bb3 c4 32. Bd1 h5 33. Re2 h4 34. Kd2 h3 35. Re3 Rg2+ 36. Kc3 h2 0-1

[Event "Olympiad-40"]
[Site "Istanbul"]
[Date "2012.09.07"]
[Round "10.1"]
[White "Njili, Kamel"]
[Black "Oatlhotse, Providence"]
[Result "1-0"]
[WhiteElo "2357"]
[BlackElo "2267"]
[PlyCount "119"]
[EventDate "2012.08.28"]
[EventType "team-swiss"]
[EventRounds "11"]
[EventCountry "TUR"]
[SourceTitle "CBM 151"]
[Source "ChessBase"]
[SourceDate "2012.11.13"]
[SourceVersion "1"]
[SourceVersionDate "2012.11.13"]
[SourceQuality "1"]
[WhiteTeam "Tunisia"]
[BlackTeam "Botswana"]
[WhiteTeamCountry "TUN"]
[BlackTeamCountry "BOT"]

1. e4 c5 2. Nf3 d6 3. d4 cxd4 4. Nxd4 Nf6 5. Nc3 g6 6. Be3 Bg7 7. f3 Nc6 8. Bc4 0-0 9. Qd2 Bd7 10. Nxc6 bxc6 11. h4 h5 12. 0-0-0 Rb8 13. g4 Bxg4 14. fxg4 Nxe4 15. Qd3 Nxc3 16. bxc3 d5 17. Bb3 Qa5 18. gxh5 e5 19. h6 e4 20. hxg7 exd3 21. gxf8Q+ Rxf8 22. Rxd3 Qa3+ 23. Kb1 a5 24. h5 a4 25. Bc1 Qe7 26. hxg6 axb3 27. g7 bxc2+ 28. Ka1 Rb8 29. Rh8+ Kxg7 30. Rxb8 Qe1 31. Kb2 Qd1 32. Rg3+ Kf6 33. Rb6 d4 34. Rxc6+ Ke7 35. Rc4 dxc3+ 36. Rgxc3 f6 37. a4 Kf7 38. Rxc2 Qd5 39. Bd2 Kg6 40. a5 f5 41. Ka3 Kh5 42. Bb4 Qd3+ 43. R4c3 Qf1 44. Bc5 f4 45. Rc4 Qa1+ 46. Kb4 Qe1+ 47. Ka4 Qe8+ 48. Ka3 Qe1 49. a6 Qa1+ 50. Ra2 Qf1 51. Kb3 Qd1+ 52. Rac2 Qb1+ 53. Ka4 Qa1+ 54. Kb5 Qb1+ 55. Kc6 Qe1 56. a7 Qe8+ 57. Kb6 Qd8+ 58. Ka6 Qc8+ 59. Ka5 Kg4 60. Rxf4+ 1-0

[Event "Olympiad-40"]
[Site "Istanbul"]
[Date "2012.09.05"]
[Round "8.1"]
[White "Njili, Kamel"]
[Black "Shukuraliev, Algis"]
[Result "0-1"]
[WhiteElo "2357"]
[BlackElo "2360"]
[PlyCount "108"]
[EventDate "2012.08.28"]
[EventType "team-swiss"]
[EventRounds "11"]
[EventCountry "TUR"]
[SourceTitle "CBM 151"]
[Source "ChessBase"]
[SourceDate "2012.11.13"]
[SourceVersion "1"]
[SourceVersionDate "2012.11.13"]
[SourceQuality "1"]
[WhiteTeam "Tunisia"]
[BlackTeam "Kyrgyzstan"]
[WhiteTeamCountry "TUN"]
[BlackTeamCountry "KGZ"]

1. d4 d5 2. c4 c6 3. Nf3 Nf6 4. g3 a6 5. c5 g6 6. Bg2 Bg7 7. 0-0 0-0 8. Nc3 Ne4 9. Qc2 Bf5 10. Qb3 Ra7 11. Na4 Nd7 12. Bf4 h6 13. Ne5 Nxe5 14. Bxe5 Bxe5 15. dxe5 Nd2 16. Qe3 Nxf1 17. Rxf1 Qa5 18. b3 Kh7 19. h3 Raa8 20. g4 d4 21. Qg3 Be6 22. Rd1 Rad8 23. Be4 Qc7 24. f4 f6 25. Qh4 Kg7 26. exf6+ exf6 27. Rf1 g5 28. Qg3 f5 29. gxf5 Bxf5 30. Bg2 Bg6 31. e3 dxe3 32. Qxe3 Rd3 33. Qe2 Rxf4 34. Re1 Qd7 35. Qe5+ Kh7 36. Nb6 Qd4+ 37. Qxd4 Rdxd4 38. Nc4 Be4 39. Bf1 Kg7 40. Nd6 b5 41. Ne8+ Kf7 42. Nc7 a5 43. Bxb5 cxb5 44. Nxb5 Rd2 45. Nd6+ Rxd6 46. cxd6 Ke6 47. Rc1 Kxd6 48. Rc4 Bc6 49. Rc2 Rf3 50. Rd2+ Bd5 51. Kh2 Ke5 52. Rc2 Kf4 53. Rc5 Be4 54. Rxa5 Rf1 0-1

[Event "Olympiad-40"]
[Site "Istanbul"]
[Date "2012.09.01"]
[Round "5.1"]
[White "Kasimdzhanov, Rustam"]
[Black "Njili, Kamel"]
[Result "1-0"]
[WhiteElo "2684"]
[BlackElo "2357"]
[PlyCount "49"]
[EventDate "2012.08.28"]
[EventType "team-swiss"]
[EventRounds "11"]
[EventCountry "TUR"]
[SourceTitle "CBM 151"]
[Source "ChessBase"]
[SourceDate "2012.11.13"]
[SourceVersion "1"]
[SourceVersionDate "2012.11.13"]
[SourceQuality "1"]
[WhiteTeam "Uzbekistan"]
[BlackTeam "Tunisia"]
[WhiteTeamCountry "UZB"]
[BlackTeamCountry "TUN"]

1. d4 Nf6 2. c4 e6 3. Nf3 d5 4. g3 Be7 5. Bg2 0-0 6. Qc2 dxc4 7. Nbd2 Nc6 8. Qxc4 Qd5 9. 0-0 Rd8 10. e3 Ne4 11. Qe2 Nxd2 12. Nxd2 Qd7 13. Nc4 Rb8 14. Bd2 b6 15. Rac1 Bb7 16. Rfd1 Bf6 17. Bc3 Ne7 18. e4 Qb5 19. b3 g6 20. Qb2 Bg7 21. Ne3 c5 22. dxc5 Rxd1+ 23. Nxd1 Bxc3 24. Nxc3 bxc5 25. Nxb5 1-0

[Event "Olympiad-40"]
[Site "Istanbul"]
[Date "2012.08.29"]
[Round "2.1"]
[White "Fancy, Stuart"]
[Black "Njili, Kamel"]
[Result "0-1"]
[WhiteElo "2104"]
[BlackElo "2357"]
[PlyCount "58"]
[EventDate "2012.08.28"]
[EventType "team-swiss"]
[EventRounds "11"]
[EventCountry "TUR"]
[SourceTitle "CBM 151"]
[Source "ChessBase"]
[SourceDate "2012.11.13"]
[SourceVersion "1"]
[SourceVersionDate "2012.11.13"]
[SourceQuality "1"]
[WhiteTeam "Papua New Guinea"]
[BlackTeam "Tunisia"]
[WhiteTeamCountry "PNG"]
[BlackTeamCountry "TUN"]

1. e4 c5 2. Nf3 e6 3. Nc3 a6 4. d4 cxd4 5. Nxd4 d6 6. Be3 Nf6 7. Bd3 b5 8. a3 Bb7 9. f4 Nbd7 10. Nb3 Nc5 11. Bxc5 dxc5 12. e5 Nd5 13. Be4 Qb6 14. Qf3 c4 15. Nd2 Rd8 16. f5 Nxc3 17. fxe6 fxe6 18. bxc3 Bxe4 19. Nxe4 Be7 20. Rf1 Rf8 21. Qh5+ g6 22. Rxf8+ Kxf8 23. Qh6+ Kg8 24. Ke2 Qc6 25. Qe3 Qd5 26. Rf1 Qxe5 27. a4 bxa4 28. g4 a3 29. g5 a2 0-1

[Event "Bejaia op 1st"]
[Site "Bejaia"]
[Date "2012.??.??"]
[Round "4"]
[White "Salhi, Nouressadat"]
[Black "Njili, Kamel"]
[Result "0-1"]
[WhiteElo "1985"]
[BlackElo "2390"]
[PlyCount "82"]
[EventDate "2012.12.26"]
[EventType "swiss"]
[EventRounds "9"]
[EventCountry "ALG"]
[SourceTitle "CBM 152 Extra"]
[Source "ChessBase"]
[SourceDate "2013.02.25"]
[SourceVersion "1"]
[SourceVersionDate "2013.02.25"]
[SourceQuality "1"]

1. a3 c5 2. e4 Nc6 3. Nc3 g6 4. g3 Bg7 5. Bg2 e6 6. d3 Nge7 7. Nge2 0-0 8. 0-0 h6 9. Rb1 Nd4 10. b4 d6 11. bxc5 dxc5 12. Nxd4 cxd4 13. Ne2 b6 14. Bd2 Ba6 15. Qc1 Rc8 16. Qb2 Qd7 17. Bb4 Rfd8 18. Nc1 Nc6 19. Na2 Nxb4 20. axb4 Bb5 21. Rbc1 Rc7 22. f4 e5 23. f5 h5 24. fxg6 fxg6 25. Qb3+ Kh7 26. c4 dxc3 27. Nxc3 Rdc8 28. Ne2 Qxd3 29. Qxd3 Bxd3 30. Rxc7 Rxc7 31. Rc1 Rxc1+ 32. Nxc1 Bc2 33. Kf2 Bf8 34. b5 Ba3 35. Na2 Bd3 36. Nc3 Bb4 37. Bf1 Bxf1 38. Nd5 Bxb5 39. Nxb4 a5 40. Nd5 a4 41. Nxb6 a3 0-1

[Event "Constantine Foid 1st"]
[Site "Constantine"]
[Date "2011.12.28"]
[Round "8"]
[White "Kaabi, Mejdi"]
[Black "Njili, Kamel"]
[Result "1/2-1/2"]
[WhiteElo "2342"]
[BlackElo "2344"]
[PlyCount "27"]
[EventDate "2011.12.25"]
[EventType "tourn"]
[EventRounds "9"]
[EventCountry "ALG"]
[SourceTitle "EXT 2024"]
[Source "ChessBase"]
[SourceDate "2023.10.10"]
[SourceVersion "1"]
[SourceVersionDate "2023.10.10"]
[SourceQuality "1"]

1. d4 Nf6 2. c4 e6 3. Nf3 Bb4+ 4. Bd2 Qe7 5. g3 Nc6 6. Bg2 0-0 7. 0-0 d5 8. Qc2 Bxd2 9. Nbxd2 Rd8 10. Rfd1 Bd7 11. e4 Nb4 12. Qb1 dxc4 13. Nxc4 Bb5 14. b3 1/2-1/2

[Event "Constantine Foid 1st"]
[Site "Constantine"]
[Date "2011.12.27"]
[Round "5"]
[White "Njili, Kamel"]
[Black "Ounas, Abdelhak"]
[Result "1-0"]
[WhiteElo "2344"]
[BlackElo "2058"]
[PlyCount "111"]
[EventDate "2011.12.25"]
[EventType "tourn"]
[EventRounds "9"]
[EventCountry "ALG"]
[SourceTitle "EXT 2024"]
[Source "ChessBase"]
[SourceDate "2023.10.10"]
[SourceVersion "1"]
[SourceVersionDate "2023.10.10"]
[SourceQuality "1"]

1. e4 c5 2. Nf3 Nc6 3. d3 d6 4. c3 Nf6 5. g3 e5 6. Bg2 Be7 7. 0-0 0-0 8. h3 h6 9. Nbd2 Be6 10. Qe2 Re8 11. Nc4 Bf8 12. Nh4 Bxc4 13. dxc4 g6 14. Be3 Nh5 15. Qd2 Kh7 16. Rad1 Qe7 17. Nf3 Nd8 18. Nh2 Ne6 19. Ng4 g5 20. Qd3 Rad8 21. Bc1 Nhg7 22. Qf3 Kg6 23. Ne3 Nc7 24. Rd3 Qf6 25. Qe2 Kh7 26. Ng4 Qg6 27. Qf3 Be7 28. Rfd1 Rf8 29. Ne3 f6 30. Nf5 Nxf5 31. exf5 Qf7 32. Qxb7 Na8 33. Bd5 Qe8 34. Qxa7 Rd7 35. Qa3 Qb8 36. b3 Ra7 37. Qb2 Nb6 38. Be4 Rf7 39. Qe2 Bf8 40. Qh5 Kh8 41. h4 Rh7 42. R1d2 Qd8 43. a4 Rhg7 44. hxg5 Rxg5 45. Qd1 Nc8 46. Ra2 Rgg7 47. Be3 Qe8 48. Bxh6 Rh7 49. Be3 Rag7 50. a5 Rh4 51. Qf3 Rhg4 52. Kf1 Be7 53. a6 Na7 54. b4 Qg8 55. Bd5 Qh7 56. Rd1 1-0

[Event "Arab Games rapid"]
[Site "Doha"]
[Date "2011.12.12"]
[Round "6"]
[White "Adly, Ahmed"]
[Black "Njili, Kamel"]
[Result "1-0"]
[WhiteElo "2601"]
[BlackElo "2344"]
[PlyCount "83"]
[EventDate "2011.12.11"]
[EventType "swiss (rapid)"]
[EventRounds "9"]
[EventCountry "QAT"]
[SourceTitle "CBM 145 Extra"]
[Source "ChessBase"]
[SourceDate "2012.01.03"]
[SourceVersion "1"]
[SourceVersionDate "2012.01.03"]
[SourceQuality "1"]

1. d4 Nf6 2. Nf3 b5 3. e3 a6 4. b3 d5 5. Bd3 e6 6. 0-0 c5 7. c4 cxd4 8. cxd5 dxe3 9. dxe6 exf2+ 10. Kh1 Bxe6 11. Qe2 Be7 12. Bb2 Nbd7 13. Nd4 Nc5 14. Bf5 0-0 15. Nd2 Bd5 16. Rad1 Re8 17. Qxf2 Qc7 18. Qh4 g6 19. Qh3 Bf8 20. N2f3 Bg7 21. Bb1 Nfe4 22. Nxb5 axb5 23. Bxg7 Kxg7 24. Rxd5 Rad8 25. Rxd8 Qxd8 26. Bxe4 Nxe4 27. Ng1 Qd4 28. Qf3 f5 29. Qf4 Re7 30. Ne2 Qd2 31. Ng3 Nxg3+ 32. Qxg3 f4 33. Qh4 Re2 34. h3 Qd5 35. Qg4 Rxa2 36. Rxf4 Ra1+ 37. Kh2 Qd6 38. Qg3 Qc5 39. Rf2 Rd1 40. Qf3 Qd6+ 41. g3 Rd2 42. Qc3+ 1-0